000 00364 a2200097 4500
020 _a9789390924813
100 _aRutger Bregman
245 _aManushyakulam: prathyasanirbharamaya charithram(മനുഷ്യകുലം: പ്രത്യാശാനിർഭരമായ ചരിത്രം)
260 _bManjul publishing house pvt. ltd.
_c2022
942 _cOO
999 _c116153
_d116152